000 00772nam a22002777a 4500
005 20250624173018.0
008 160307b2014 xxu||||| |||| 00| 0 spa d
020 _a9786073229104
041 _aESP
082 _a005.52
_bG248g
100 _aGaskin, Shelley
100 _aVargas, Alicia
245 _aGo! microsoft Word 2013
260 _aMéxico
_bPearson Educación
_c2014
300 _a183 páginas
490 _aDirección y Administración de Empresa
490 _aSecretariado Ejecutivo
490 _aTecnologías de la Información
650 _aPROGRAMAS PARA COMPUTADORAS
650 _aWORD 2013
650 _aCREACIÓN DE DOCUMENTOS
650 _aTABLAS
650 _aPLANTILLAS
650 _aARTÍCULOS DE INVESTIGACIÓN
942 _cBK
_2ddc
999 _c7793
_d7793